<?xml version="1.0" encoding="UTF-8"?>
<record
    xmlns:xsi="http://www.w3.org/2001/XMLSchema-instance"
    xsi:schemaLocation="http://www.loc.gov/MARC21/slim http://www.loc.gov/standards/marcxml/schema/MARC21slim.xsd"
    xmlns="http://www.loc.gov/MARC21/slim">

  <leader>00906nam a2200253 a 4500</leader>
  <controlfield tag="001">72155</controlfield>
  <controlfield tag="003">BD-RjUL</controlfield>
  <controlfield tag="005">20211209082222.0</controlfield>
  <controlfield tag="008">170514s1967    bg  |||| |||| 000 0 ben d</controlfield>
  <datafield tag="035" ind1=" " ind2=" ">
    <subfield code="a">(BD-RjUL)72371</subfield>
  </datafield>
  <datafield tag="040" ind1=" " ind2=" ">
    <subfield code="a">BD-RjUL</subfield>
    <subfield code="b">ben</subfield>
    <subfield code="c">BD-RjUL</subfield>
    <subfield code="d">BD-RjUL</subfield>
  </datafield>
  <datafield tag="041" ind1=" " ind2=" ">
    <subfield code="a">ben</subfield>
  </datafield>
  <datafield tag="082" ind1=" " ind2=" ">
    <subfield code="2">23</subfield>
    <subfield code="a">982</subfield>
    <subfield code="b">HAA 1967</subfield>
  </datafield>
  <datafield tag="100" ind1="1" ind2=" ">
    <subfield code="a">&#x9B9;&#x9B2;, &#x98F;&#x9B2;&#x9AD;&#x9BE;&#x99C;&#x9C0;&#x9A8;</subfield>
    <subfield code="9">213393</subfield>
  </datafield>
  <datafield tag="245" ind1="1" ind2="0">
    <subfield code="a">&#x986;&#x9B0;&#x9CD;&#x99C;&#x9C7;&#x9A8;&#x9CD;&#x99F;&#x9BF;&#x9A8;&#x9BE; /</subfield>
    <subfield code="c">&#x98F;&#x9B2;&#x9AD;&#x9BE;&#x99C;&#x9C0;&#x9A8; &#x9B9;&#x9B2;, &#x986;&#x9AC;&#x9A6;&#x9C1;&#x9B2; &#x997;&#x9A3;&#x9BF;-&#x985;&#x9A8;&#x9C1;&#x9AC;&#x9BE;&#x9A6;&#x995;</subfield>
  </datafield>
  <datafield tag="260" ind1=" " ind2=" ">
    <subfield code="a">&#x9A2;&#x9BE;&#x995;&#x9BE; :</subfield>
    <subfield code="b">&#x9B8;&#x9BE;&#x9B9;&#x9BF;&#x9A4;&#x9CD;&#x9AF;&#x9BF;&#x995;&#x9BE;,</subfield>
    <subfield code="c">&#x9E7;&#x9EF;&#x9EC;&#x9ED;</subfield>
  </datafield>
  <datafield tag="300" ind1=" " ind2=" ">
    <subfield code="a">&#x9E8;&#x9E6;&#x9EC; &#x9AA;&#x9C3;. ;</subfield>
    <subfield code="c">&#x9E7;&#x9ED; &#x9B8;&#x9C7;&#x9AE;&#x9BF;.</subfield>
  </datafield>
  <datafield tag="490" ind1=" " ind2=" ">
    <subfield code="a">&#x9A6;&#x9C7;&#x9B6; &#x993; &#x99C;&#x9BE;&#x9A4;&#x9BF;</subfield>
    <subfield code="v">&#x9E7;&#x9ED;</subfield>
  </datafield>
  <datafield tag="651" ind1=" " ind2=" ">
    <subfield code="a">&#x986;&#x9B0;&#x9CD;&#x99C;&#x9C7;&#x9A8;&#x9CD;&#x99F;&#x9BF;&#x9A8;&#x9BE;</subfield>
    <subfield code="9">213394</subfield>
  </datafield>
  <datafield tag="651" ind1=" " ind2=" ">
    <subfield code="a">Argentina</subfield>
    <subfield code="9">213395</subfield>
  </datafield>
  <datafield tag="700" ind1="1" ind2=" ">
    <subfield code="a">&#x997;&#x9A3;&#x9BF;, &#x986;&#x9AC;&#x9A6;&#x9C1;&#x9B2; </subfield>
    <subfield code="9">213396</subfield>
  </datafield>
  <datafield tag="830" ind1=" " ind2=" ">
    <subfield code="a">&#x9A6;&#x9C7;&#x9B6; &#x993; &#x99C;&#x9BE;&#x9A4;&#x9BF;</subfield>
    <subfield code="v">&#x9E7;&#x9ED;</subfield>
    <subfield code="9">126467</subfield>
  </datafield>
  <datafield tag="942" ind1=" " ind2=" ">
    <subfield code="2">ddc</subfield>
    <subfield code="c">BK</subfield>
  </datafield>
  <datafield tag="999" ind1=" " ind2=" ">
    <subfield code="c">72155</subfield>
    <subfield code="d">72155</subfield>
  </datafield>
  <datafield tag="952" ind1=" " ind2=" ">
    <subfield code="0">0</subfield>
    <subfield code="1">0</subfield>
    <subfield code="2">ddc</subfield>
    <subfield code="4">0</subfield>
    <subfield code="7">1</subfield>
    <subfield code="8">NFIC</subfield>
    <subfield code="a">RUCL</subfield>
    <subfield code="b">RUCL</subfield>
    <subfield code="c">Reading</subfield>
    <subfield code="d">1969-01-24</subfield>
    <subfield code="e">Franlik, Dhaka</subfield>
    <subfield code="g">4.00</subfield>
    <subfield code="l">0</subfield>
    <subfield code="o">B 982 HAA 1967</subfield>
    <subfield code="r">2017-05-14 00:00:00</subfield>
    <subfield code="t">C-1</subfield>
    <subfield code="w">2017-05-14</subfield>
    <subfield code="y">BK</subfield>
  </datafield>
</record>
